Great Britain from Adam Smith to the present day : an economic and social survey

Αποθηκεύτηκε σε:
Λεπτομέρειες βιβλιογραφικής εγγραφής
Κύριος συγγραφέας: Fay, C. R. (Charles Ryle) 1884-
Μορφή: Βιβλίο
Γλώσσα:English
Δημοσίευση: London : Longmans, Green and Co., 1937
Έκδοση:4th ed.
Θέματα:
Ετικέτες: Προσθήκη ετικέτας
Δεν υπάρχουν, Καταχωρήστε ετικέτα πρώτοι!

MARC

LEADER 00000nam a2200000 i 4500
001 1/71932
008 990311s1937 eng d
035 |l 10048445 
040 |a GR-MY-UA  |b gre  |e aacr 
041 0 |a eng 
082 0 |a 330.0941 
100 1 |a Fay, C. R.  |q (Charles Ryle)  |d 1884- 
245 1 0 |a Great Britain from Adam Smith to the present day :  |b an economic and social survey /  |c C.R. Fay 
250 |a 4th ed. 
260 |a London :   |b Longmans, Green and Co.,   |c 1937 
300 |a xii, 482 p.  |b map 
504 |a Includes index 
651 0 |a Great Britain  |x Economic conditions. 
651 0 |a Great Britain  |x Industries  |x History. 
651 0 |a Great Britain  |x Social conditions. 
852 |a INST  |b CHIOS  |e 19990311  |h 330.0941 FAY  |p 005200014620  |q 005200014620  |t BK  |y 0 
901 |a BIBL-1999-1 
909 |a Χ  |b 055571 
922 |a 2ΔΩΡ  |b 199903  |d ΛΕΜΟΝΙΑ